000 00748nam a2200241 i 4500
001 bgj
100 1 _aCANT, Amanda
245 1 0 _aEko and friends :
_btests /
_cAmanda Cant, Magaly Villarroel and Magda Musioł.
260 _aHarlow, Essex :
_bLongman,
_c2002.
300 _a47 pp :
_bill. ;
_c27 cm.
650 9 _aEnglish language
650 9 _aEnglish language
_xStudy and teaching |(Elementary)
_xActivities programmes
650 9 _aEnglish language
_xProblems, exercises, etc.
655 _aTextbooks for foreign speakers
700 1 _aMUSIOŁ, Magda
700 1 _aVILLARROEL, Magaly
020 _a0582775442
040 _cBPK
041 0 _aeng
920 _a0-582-77544-2
942 _cKS
008 s uk f |000 0 eng
999 _c48880
_d48880
856 _uhttp://koha.tu.koszalin.pl/cgi-bin/koha/opac-detail.pl?biblionumber=48880
_yKatalog online BPK